Négyéves a Lilium Aurum

Bibliographic Details
Format: Article
Language:Hungarian
Subjects:

MARC

LEADER 00000nab a2200000 a 4500
001 vtls000567045
003 SK-MaSNL
005 20260319074546.0
008 120929c1995 xo 0 hun
015 |a SNBRB19rr/mm-uuuuu 
035 |a CL0567183 
040 |a SNKBUCL  |b slo  |c SNKBUCL  |e AACR2 
041 0 |a hun 
044 |a xo  |c SK 
080 |a 655.413(437.6=945.11):82:061.75  |2 1981 
080 |a 82:655.41(437.6)  |2 1981 
245 0 0 |a Négyéves a Lilium Aurum  |c x 
610 2 7 |a Lilium Aurum (Dunajská Streda, Slovensko)  |2 snkbucl  |9 34129 
651 7 |a Dunajská Streda (Slovensko)  |2 snkbucl  |9 17375 
773 0 |t Új szó  |g Roč. 48, č. 257 (7.11.1995), s. 3 
850 |a Slovenská národná knižnica v Martine  |a DSG001 
852 |a SNK  |b KIS3GCP 
958 |a HU 
958 |a SK 
958 |a KL 
958 |a LX 
999 |c 1601613  |d 1603543